Les pays ayant le moins d'habitants par km² - Statistiques

Statistiques générales
  • Ce quiz a été pris 330 fois
  • Le résultat moyen est 10 sur 20
Statistiques - réponses
Hint Réponse % Correct
181 Russie
93%
188 Canada
88%
196 Mongolie
88%
194 Australie
85%
183 Tchad
68%
177 Mali
63%
178 Niger
61%
189 Libye
58%
180 République du Congo
58%
185 Kazakhstan
56%
190 Mauritanie
56%
195 Namibie
51%
191 Islande
47%
179 Angola
44%
192 Botswana
37%
182 Bolivie
36%
186 Gabon
19%
187 Guyana
14%
193 Suriname
14%
184 République centrafricaine
12%
Aucun quiz correspondant
Distribution des résultats
% des personnes avec chaque résultat
Percentile par nombre de réponses
Votre historique - résultats
Vous n’avez pas pris ce quiz